| 000 | 00580nam a2200193 i 4500 | ||
|---|---|---|---|
| 001 | 125781 | ||
| 003 | ES-MaACL | ||
| 005 | 20250912063049.0 | ||
| 007 | t| | ||
| 008 | 070214s1970 sp r ||||1| spa d | ||
| 100 | 1 |
_aReglá, Juan, _d1917-1973 _995897 |
|
| 245 | 1 | 0 |
_aIntroducción a la historia _b: socioeconomía, política, cultura / _cJ. Reglá. |
| 250 | _a1ª ed. | ||
| 260 |
_aBarcelona : _bTeide, _c1970. |
||
| 300 |
_a208 p. : _bil. ; _c22 cm. |
||
| 650 | 4 |
_aHistoria- _xFilosofía. _913380 |
|
| 852 |
_aES-MaACL _jC-38332 _bR.73010 |
||
| 999 |
_c125781 _d125781 |
||